000 00427nam a22001457a 4500
020 _a9788120340862
082 _a621.395 KAN
100 _aKant, Krishna
245 _aMicroprocessor-Based agri instrumentation
260 _aNew Delhi, India
_bPHI Learning
_c2010
300 _axx, 452 p.
_bill. ;
500 _aIncludes index.
650 _a1. Microprocessors. 2. Computer interfaces. 3. Electronic instruments.
942 _cBK
999 _c12503
_d12503